000 004580000a22001810004500
003 MACL
005 20150716144259.0
008 150716b xxu||||| |||| 00| 0 eng d
040 _aMACL
_cMACL
041 _aEnglish
082 _a324/DIK
100 _aDikshit, Dr. S K
_92350
245 _aElectoral Geography of India
260 _bVishwa Vidhyalaya Prakashan
_c1993
_aVaranasi
350 _a250
650 _aPolitical Science
_988
942 _cBK
_k324
_2ddc
999 _c4375
_d4375